[Event "Treviso op-C 1st"]
[Site "Treviso"]
[Date "2017.03.19"]
[Round "4.4"]
[White "Parlato Rovella, Nazareno"]
[Black "Boerci, Roberto"]
[Result "1-0"]
[WhiteElo "1705"]
[BlackElo "1631"]
[PlyCount "159"]
[EventDate "2017.03.17"]
[EventType "swiss"]
[EventRounds "5"]
[EventCountry "ITA"]
[SourceTitle "EXT 2024"]
[Source "ChessBase"]
[SourceDate "2023.10.10"]
[SourceVersion "1"]
[SourceVersionDate "2023.10.10"]
[SourceQuality "1"]

1. e4 d6 2. d4 Nf6 3. Nc3 g6 4. Be3 a6 5. a4 b6 6. e5 dxe5 7. dxe5 Qxd1+ 8. Rxd1 Ng4 9. Nd5 Ra7 10. Bf4 e6 11. Ne3 Nxe3 12. Bxe3 Bg7 13. a5 Bxe5 14. axb6 Rb7 15. bxc7 Rxc7 16. c3 Rd7 17. Be2 Bb7 18. Nf3 Rxd1+ 19. Bxd1 Bf6 20. 0-0 0-0 21. Be2 Nc6 22. Ra1 Rd8 23. Bb6 Rd6 24. h3 Ne5 25. Bc7 Nxf3+ 26. Bxf3 Rd7 27. Bxb7 Rxc7 28. Bxa6 Ra7 29. Ra4 Kg7 30. Kf1 Be7 31. b4 Bd8 32. c4 f5 33. c5 Be7 34. c6 Bxb4 35. c7 Rxc7 36. Rxb4 Kf6 37. Rc4 Rxc4 38. Bxc4 Ke5 39. Ke2 g5 40. Kf3 Kd6 41. Bd3 Kd5 42. g4 Ke5 43. Kg3 h6 44. f3 f4+ 45. Kf2 Kd4 46. Bg6 e5 47. Ke2 Kc3 48. Bf5 Kd4 49. Kd2 Kc4 50. Ke2 Kc3 51. Kf2 Kd2 52. Kg2 Ke2 53. Be4 Ke3 54. h4 Ke2 55. hxg5 hxg5 56. Bb7 Ke3 57. Kf1 Kd2 58. Kf2 Kd3 59. Ke1 Ke3 60. Kd1 Kd3 61. Be4+ Ke3 62. Kc2 Kd4 63. Kb3 Kc5 64. Kc3 Kd6 65. Kc4 Ke6 66. Kc5 Kf6 67. Kd5 Kg7 68. Kxe5 Kh6 69. Kf5 Kg7 70. Kxg5 Kf7 71. Kxf4 Kf6 72. g5+ Kg7 73. Kf5 Kf7 74. f4 Kg7 75. Ke6 Kf8 76. f5 Kg7 77. Ke7 Kg8 78. f6 Kh8 79. Ba8 Kh7 80. f7 1-0

[Event "Treviso op-C 1st"]
[Site "Treviso"]
[Date "2017.03.18"]
[Round "3.4"]
[White "Feichter, Matthias"]
[Black "Parlato Rovella, Nazareno"]
[Result "0-1"]
[WhiteElo "1589"]
[BlackElo "1705"]
[PlyCount "130"]
[EventDate "2017.03.17"]
[EventType "swiss"]
[EventRounds "5"]
[EventCountry "ITA"]
[SourceTitle "EXT 2024"]
[Source "ChessBase"]
[SourceDate "2023.10.10"]
[SourceVersion "1"]
[SourceVersionDate "2023.10.10"]
[SourceQuality "1"]

1. e4 e6 2. d4 d5 3. Nc3 dxe4 4. Nxe4 Bd7 5. Nf3 Bc6 6. Bd3 Nd7 7. 0-0 Ngf6 8. Re1 Nxe4 9. Bxe4 Bxe4 10. Rxe4 Nf6 11. Re1 Bd6 12. d5 Nxd5 13. Qd3 0-0 14. Ng5 Nf6 15. Bd2 h6 16. Nf3 Bc5 17. Qc3 Bb6 18. Rad1 Qe7 19. Bf4 Rad8 20. Qb3 Rxd1 21. Rxd1 Ne4 22. Bg3 Rd8 23. Rd3 Rxd3 24. Qxd3 Qc5 25. Qe2 Nf6 26. Ne5 Qd5 27. c4 Qe4 28. Qxe4 Nxe4 29. Nd3 Nxg3 30. hxg3 Bd4 31. b3 Kf8 32. Kf1 Ke7 33. Ke2 Kd6 34. g4 e5 35. f3 a5 36. Ne1 c6 37. Kd3 Kc5 38. Nc2 b5 39. cxb5 cxb5 40. Ke4 g6 41. f4 f6 42. Kd3 Kd5 43. fxe5 Bxe5 44. Na3 Kc5 45. Nc2 a4 46. bxa4 bxa4 47. Ne3 a3 48. Nc4 Kb4 49. Ne3 Bb2 50. Nc2+ Kc5 51. Ne3 Bc1 52. Nc4 Kb4 53. Nd6 Bb2 54. Nf7 h5 55. gxh5 gxh5 56. Nh6 Bc1 57. Nf5 Bg5 58. Ng3 h4 59. Nf5 Kc5 60. Nd4 Kd5 61. Nf3 Ke6 62. Nd4+ Ke5 63. Nf3+ Kf4 64. Ke2 Kg3 65. Kf1 h3 0-1

[Event "Treviso op-C 1st"]
[Site "Treviso"]
[Date "2017.03.18"]
[Round "2.13"]
[White "Parlato Rovella, Nazareno"]
[Black "Fragni, Enrico"]
[Result "1-0"]
[WhiteElo "1705"]
[BlackElo "1638"]
[PlyCount "106"]
[EventDate "2017.03.17"]
[EventType "swiss"]
[EventRounds "5"]
[EventCountry "ITA"]
[SourceTitle "EXT 2024"]
[Source "ChessBase"]
[SourceDate "2023.10.10"]
[SourceVersion "1"]
[SourceVersionDate "2023.10.10"]
[SourceQuality "1"]

1. e4 d6 2. d4 Nf6 3. Nc3 c6 4. Bc4 e6 5. Nf3 h6 6. d5 Be7 7. dxe6 Bxe6 8. Bxe6 fxe6 9. e5 Nh7 10. exd6 Qxd6 11. Qxd6 Bxd6 12. Be3 Nd7 13. 0-0-0 Be7 14. Ne4 Nhf6 15. Nd6+ Bxd6 16. Rxd6 Ke7 17. Rd3 Nd5 18. Rhd1 Rhd8 19. a3 Nxe3 20. Rxe3 g5 21. Nd4 Nf8 22. Nf5+ Kf6 23. Nxh6 Rxd1+ 24. Kxd1 Kg7 25. Ng4 Re8 26. Rd3 Re7 27. Ne5 Kf6 28. Rf3+ Kg7 29. Ke2 Ng6 30. Nxg6 Kxg6 31. c4 c5 32. b4 b6 33. Rd3 Kf5 34. Rd6 Ke5 35. Rc6 Kd4 36. Rc8 Kxc4 37. Rg8 Kb3 38. Rxg5 c4 39. Kd2 c3+ 40. Kc1 e5 41. Rg3 e4 42. Re3 Rf7 43. f3 exf3 44. Rxf3 Re7 45. Kd1 Kb2 46. Rf2+ Kb1 47. Rf1 Rf7 48. Rxf7 c2+ 49. Ke2 c1Q 50. Rf1 Qxf1+ 51. Kxf1 a5 52. h4 Kb2 53. h5 Kxa3 1-0

[Event "Treviso op-C 1st"]
[Site "Treviso"]
[Date "2017.03.17"]
[Round "1.5"]
[White "Bressan, Andrea"]
[Black "Parlato Rovella, Nazareno"]
[Result "1-0"]
[WhiteElo "1571"]
[BlackElo "1705"]
[PlyCount "97"]
[EventDate "2017.03.17"]
[EventType "swiss"]
[EventRounds "5"]
[EventCountry "ITA"]
[SourceTitle "EXT 2024"]
[Source "ChessBase"]
[SourceDate "2023.10.10"]
[SourceVersion "1"]
[SourceVersionDate "2023.10.10"]
[SourceQuality "1"]

1. e4 e6 2. d4 d5 3. exd5 exd5 4. Bd3 Bd6 5. Nf3 Nc6 6. c3 Nge7 7. 0-0 Bf5 8. Qc2 Bxd3 9. Qxd3 Qd7 10. Bg5 f6 11. Bd2 0-0-0 12. Na3 a6 13. b4 Na7 14. Rab1 g5 15. c4 Ng6 16. b5 dxc4 17. Nxc4 Nxb5 18. a4 Na7 19. Qb3 b5 20. Rfc1 Kb8 21. Nxd6 Qxd6 22. axb5 axb5 23. Be3 Nf4 24. Qc2 Nd5 25. Bd2 h5 26. Qa2 c6 27. Ra1 Rd7 28. Ne1 g4 29. Nd3 h4 30. Nc5 Rg7 31. Qa6 g3 32. fxg3 hxg3 33. h3 f5 34. Re1 Nb4 35. Qa3 Qxd4+ 36. Be3 Qc4 37. Na6+ Nxa6 38. Qxa6 c5 39. Qb6+ Rb7 40. Qd6+ Ka8 41. Bxc5 Qf7 42. Qd4 Re8 43. Rxe8+ Qxe8 44. Bxa7 Rd7 45. Bc5+ Kb8 46. Qf4+ Kb7 47. Qf3+ Kb8 48. Ra8+ Kc7 49. Rxe8 1-0